Histoire et psychanalyse entre science et fiction / (Record no. 130463)
[ view plain ]
| 000 -LEADER | |
|---|---|
| fixed length control field | 00612cam a2200217 4500 |
| 005 - DATE AND TIME OF LATEST TRANSACTION | |
| control field | 20170316103729.0 |
| 008 - FIXED-LENGTH DATA ELEMENTS--GENERAL INFORMATION | |
| fixed length control field | 160111b fr ||||| |||| 00| 0 fre d |
| 020 ## - INTERNATIONAL STANDARD BOOK NUMBER | |
| International Standard Book Number | 2070404935 |
| 050 04 - LIBRARY OF CONGRESS CALL NUMBER | |
| Classification number | D16.16 |
| Item number | C47 2002 |
| 100 1# - MAIN ENTRY--PERSONAL NAME | |
| Personal name | Certeau, Michel de |
| 245 10 - TITLE STATEMENT | |
| Title | Histoire et psychanalyse entre science et fiction / |
| Statement of responsibility, etc | Michel de Certeau |
| 250 ## - EDITION STATEMENT | |
| Edition statement | 1a ed. |
| 260 ## - PUBLICATION, DISTRIBUTION, ETC. (IMPRINT) | |
| Place of publication, distribution, etc | Francia : |
| Name of publisher, distributor, etc | Gallimard, |
| Date of publication, distribution, etc | 2002. |
| 300 ## - PHYSICAL DESCRIPTION | |
| Extent | 310 p. ; |
| Dimensions | 18 cm. |
| 490 ## - SERIES STATEMENT | |
| Series statement | Folio histoire |
| Volume number/sequential designation | 116 |
| 500 ## - GENERAL NOTE | |
| General note | |
| 504 ## - BIBLIOGRAPHY, ETC. NOTE | |
| Bibliography, etc | Incluye índice |
| 650 #7 - SUBJECT ADDED ENTRY--TOPICAL TERM | |
| Source of heading or term | LEMB |
| Topical term or geographic name as entry element | Historia |
| General subdivision | Aspectos psicológicos |
| 700 ## - ADDED ENTRY--PERSONAL NAME | |
| Personal name | |
| Relator term | |
| 942 ## - ADDED ENTRY ELEMENTS (KOHA) | |
| Source of classification or shelving scheme | Biblioteca del Cogreso de los Estados Unidos |
| Koha item type | Libro |
| Estado de pérdida | Fuente de clasificación | Estado del daño | No para préstamo | Ubicación permanente | Ubicación actual | Apartado o colección | Fecha de adquisición | Fuente de adquisición | Edición | Dependencia de educación superior (DES) | Área del conocimiento | Clasificación | Código de Barras | Date last seen | Número de copia | Tipo de recurso |
|---|---|---|---|---|---|---|---|---|---|---|---|---|---|---|---|---|
| Biblioteca del Cogreso de los Estados Unidos | Biblioteca de la Facultad de Filosofía | Biblioteca de la Facultad de Filosofía | General | 16/03/2017 | Unidad Académica Genérico | 1a ed. | Humanidades | Educación y Humanidades | D16 .16 C47 2002 | BFF000021688 | 16/03/2017 | C:1 | Libro |